000 00656nam a2200193Ia 4500
003 GCL
008 140319s9999 xx 000 0 ara d
040 _aGCL /
_cGCL
082 0 4 _a355.43
_bا ا
100 1 _aاحمد بهاءالدين شعبان
245 1 0 _aالاستراتيجية العسكرية الاسرائيلية عام 2000 /
_cاحمد بهاءالدين شعبان
300 _a493 ص
490 _aالهيئة العامة للاستعلامات
_v0
650 0 4 _aاسرائيل
650 0 4 _aالاستراتيجية
650 0 4 _aالصناعات الحربية
650 0 4 _aالاسلحة والتسليح
942 _2ddc
_cBK
999 _c43839
_d43839